Normal view
MARC view
Entry Personal Name
001 - CONTROL NUMBER
- control field: 1227799
003 - CONTROL NUMBER IDENTIFIER
- control field: OSt
005 - DATE AND TIME OF LATEST TRANSACTION
- control field: 20260324150834.0
008 - FIXED-LENGTH DATA ELEMENTS
- fixed length control field: 260324|| aca||aabn | a|a d
040 ## - CATALOGING SOURCE
- Original cataloging agency: OSt
- Transcribing agency: OSt
100 ## - HEADING--PERSONAL NAME
- Personal name: Frankwood E. Williams
670 ## - SOURCE DATA FOUND
- Source citation: Work cat.: (OSt)1837956: Frankwood E. Williams, Soviet Russia Fights Neurosis
